| 000 | 00396cam a2200169 4500 | ||
|---|---|---|---|
| 001 | D12397 | ||
| 008 | 090401t1965 xxu||||| |||| 00| 0 eng d | ||
| 035 | _a(Sirsi) u3204 | ||
| 041 | _aeng | ||
| 100 | _aChrystal-Smith, G. | ||
| 245 | _aStandard method of measurement | ||
| 260 |
_aLondon _bGeorge Newnes Ltd _c1965 |
||
| 350 | _a0 | ||
| 520 | _aShelf 135 | ||
| 942 | _n0 | ||
| 948 | _c04/03/1997 | ||
| 999 |
_c85859 _d85859 |
||